[Event "Collado Villalba op 39th"]
[Site "Collado Villalba"]
[Date "2022.08.25"]
[Round "6"]
[White "Olmedo Alvarez, Marcos"]
[Black "Fernandez Martinez, Luis"]
[Result "0-1"]
[WhiteElo "1328"]
[BlackElo "1447"]
[PlyCount "82"]
[EventDate "2022.08.20"]
[EventType "swiss"]
[EventRounds "9"]
[EventCountry "ESP"]
[SourceTitle "EXT 2023"]
[Source "ChessBase"]
[SourceDate "2022.10.05"]
[SourceVersion "1"]
[SourceVersionDate "2022.10.05"]
[SourceQuality "1"]

1. e4 e5 2. Nf3 Nc6 3. Nc3 a6 4. d4 exd4 5. Nxd4 Qf6 6. Nf3 Bb4 7. Bd2 Nge7 8. a3 Bc5 9. Na4 Ba7 10. Bg5 Qe6 11. Nc3 h6 12. Bh4 Ne5 13. Nxe5 Qxe5 14. Bxe7 Qxe7 15. Be2 0-0 16. 0-0 d6 17. Qd3 c6 18. Rad1 Rd8 19. Bf3 Be6 20. Ne2 b5 21. Nd4 Bd7 22. Rfe1 Qf6 23. c3 g6 24. Qd2 Kg7 25. Re2 Rac8 26. Nc2 Be6 27. Nb4 Bc4 28. Nd3 Qg5 29. Qxg5 hxg5 30. Red2 Bb3 31. Re1 f6 32. Bg4 Rc7 33. Nc1 Bf7 34. Red1 d5 35. Ne2 Re7 36. Nd4 Rxe4 37. Nxc6 Rde8 38. Kf1 Bxf2 39. Rxf2 Rxg4 40. Rd4 Rge4 41. Nb4 Re1# 0-1

[Event "Collado Villalba op 38th"]
[Site "Collado Villalba"]
[Date "2021.08.26"]
[Round "6"]
[White "Xia, Yan"]
[Black "Fernandez Martinez, Luis"]
[Result "0-1"]
[WhiteElo "1153"]
[BlackElo "1491"]
[PlyCount "104"]
[EventDate "2021.08.21"]
[EventType "swiss"]
[EventRounds "9"]
[EventCountry "ESP"]
[SourceTitle "CBM 204 Extra"]
[Source "ChessBase"]
[SourceDate "2021.11.30"]
[SourceVersion "1"]
[SourceVersionDate "2021.11.30"]
[SourceQuality "1"]

1. e4 b6 2. d4 Bb7 3. Nc3 e6 4. Nf3 Bb4 5. Bd3 Nf6 6. Bg5 h6 7. Bh4 g5 8. Bg3 Bxe4 9. 0-0 Bxc3 10. bxc3 d6 11. Re1 Bxd3 12. Qxd3 Nbd7 13. d5 e5 14. Nd4 0-0 15. Nf5 Nc5 16. Qd2 Kh7 17. h4 Nfe4 18. Qd1 Qf6 19. Qf3 Nd2 20. Qg4 Rg8 21. hxg5 Rxg5 22. Qd1 Qxf5 23. Qxd2 Ne4 24. Qd3 Nxg3 25. fxg3 Qxd3 26. cxd3 Rxg3 27. Rad1 Rag8 28. Re2 f5 29. d4 e4 30. Rf1 R8g5 31. Ref2 Kg6 32. Rc1 h5 33. Kh2 Rd3 34. Kg1 Rg4 35. Rcf1 Rg5 36. Rc1 h4 37. Kh2 Rdg3 38. Rg1 e3 39. Re2 f4 40. Rf1 Kf5 41. Rf3 Ke4 42. Rxg3 Rxg3 43. Kh1 Kd3 44. Re1 Kd2 45. Rf1 e2 46. Rg1 h3 47. Kh2 Rxg2+ 48. Rxg2 hxg2 49. Kxg2 e1Q 50. Kh2 Qg3+ 51. Kh1 f3 52. c4 Qg2# 0-1

[Event "Collado Villalba op 38th"]
[Site "Collado Villalba"]
[Date "2021.08.25"]
[Round "5"]
[White "Fernandez Martinez, Luis"]
[Black "Anton Ortiz, Carlos"]
[Result "0-1"]
[WhiteElo "1491"]
[BlackElo "1354"]
[PlyCount "80"]
[EventDate "2021.08.21"]
[EventType "swiss"]
[EventRounds "9"]
[EventCountry "ESP"]
[SourceTitle "CBM 204 Extra"]
[Source "ChessBase"]
[SourceDate "2021.11.30"]
[SourceVersion "1"]
[SourceVersionDate "2021.11.30"]
[SourceQuality "1"]

1. e4 c5 2. Nc3 Nc6 3. Bc4 d6 4. a3 a6 5. d3 Nf6 6. h3 Bd7 7. Nge2 g6 8. 0-0 Bg7 9. f4 e6 10. g4 Qe7 11. Na4 Qd8 12. Nac3 h6 13. Ng3 Nd4 14. e5 Nh7 15. exd6 Qh4 16. Kh2 0-0 17. Nce4 b6 18. c3 Nc6 19. Be3 Qd8 20. f5 Re8 21. fxg6 fxg6 22. d4 cxd4 23. cxd4 Na5 24. Ba2 Nb7 25. Qd2 Bb5 26. Rf2 Nxd6 27. Nxd6 Qxd6 28. Rd1 Nf6 29. Bb1 Kh7 30. Bf4 Qd8 31. Qc2 Nxg4+ 32. hxg4 Qh4+ 33. Kg2 Qxg4 34. Qd2 Rad8 35. Kh2 Ba4 36. Re1 Bxd4 37. Be3 Be5 38. Rf7+ Kg8 39. Qf2 Bxg3+ 40. Qxg3 Qxg3+ 0-1

[Event "Collado Villalba-B 37th"]
[Site "Collado Villalba"]
[Date "2020.08.25"]
[Round "5"]
[White "Fernandez Martinez, Luis"]
[Black "Enriquez Pastor, Jorge"]
[Result "0-1"]
[WhiteElo "1526"]
[BlackElo "1445"]
[PlyCount "86"]
[EventDate "2020.08.22"]
[EventType "tourn"]
[EventRounds "9"]
[EventCountry "ESP"]
[SourceTitle "CBM 198 Extra"]
[Source "ChessBase"]
[SourceDate "2020.11.30"]
[SourceVersion "1"]
[SourceVersionDate "2020.11.30"]
[SourceQuality "1"]

1. e4 e6 2. d4 d5 3. Nc3 c5 4. Bb5+ Bd7 5. exd5 Bxb5 6. Nxb5 a6 7. Nc3 exd5 8. dxc5 d4 9. Ne4 Nc6 10. a3 Qd5 11. Nd6+ Bxd6 12. cxd6 Qxd6 13. Nf3 Nf6 14. 0-0 0-0 15. Be3 Rad8 16. Nxd4 Nxd4 17. c3 Nc6 18. Qb3 Ng4 19. g3 Nxe3 20. fxe3 Qe7 21. Rae1 b5 22. Rf4 Qe6 23. Qc2 Qg6 24. Qg2 Ne5 25. Rd4 Nc4 26. b3 Na5 27. Qb2 Nc6 28. Rxd8 Rxd8 29. Qe2 Qd3 30. c4 Qxe2 31. Rxe2 bxc4 32. Rc2 g6 33. Rxc4 Ne5 34. Ra4 Rd6 35. h4 Nd3 36. Ra5 Nc1 37. b4 Nb3 38. Re5 Rd8 39. Kf2 Rd2+ 40. Kf3 Ra2 41. b5 axb5 42. Rxb5 Rxa3 43. g4 Nd4+ 0-1

[Event "Colmenarejo Autumn op 29th"]
[Site "Colmenarejo"]
[Date "2019.09.22"]
[Round "2"]
[White "Garcia Fernandez, Jose Luis"]
[Black "Fernandez Martinez, Luis"]
[Result "1-0"]
[WhiteElo "1776"]
[BlackElo "1512"]
[PlyCount "53"]
[EventDate "2019.09.15"]
[EventType "swiss"]
[EventRounds "7"]
[EventCountry "ESP"]
[SourceTitle "EXT 2021"]
[Source "ChessBase"]
[SourceDate "2020.10.23"]
[SourceVersion "1"]
[SourceVersionDate "2020.10.23"]
[SourceQuality "1"]

1. e4 e5 2. Nc3 Nf6 3. f4 exf4 4. Nf3 d6 5. d4 Be7 6. Bxf4 Nbd7 7. Bc4 Nb6 8. Bb3 0-0 9. 0-0 Bg4 10. Qd2 d5 11. exd5 Nfxd5 12. Nxd5 Nxd5 13. Bxd5 Qxd5 14. Bxc7 Rac8 15. Bg3 Bd7 16. Ne5 Bc6 17. Nxc6 Rxc6 18. c3 b5 19. a3 Rg6 20. Rae1 Bf6 21. Qc2 a6 22. Qe4 Qb3 23. Re2 Bd8 24. Qb7 Qc4 25. Ref2 a5 26. Qd7 Qc6 27. Rxf7 1-0

[Event "Collado Villalba op-B 35th"]
[Site "Collado Villalba"]
[Date "2018.08.28"]
[Round "5"]
[White "Fernandez Martinez, Luis"]
[Black "Gallego Romero, Manuel"]
[Result "0-1"]
[WhiteElo "1566"]
[BlackElo "1406"]
[PlyCount "66"]
[EventDate "2018.08.24"]
[EventType "swiss"]
[EventRounds "9"]
[EventCountry "ESP"]
[SourceTitle "CBM 186 Extra"]
[Source "ChessBase"]
[SourceDate "2018.08.24"]
[SourceVersion "1"]
[SourceVersionDate "2018.08.24"]
[SourceQuality "1"]

1. e4 e5 2. Nc3 a6 3. Bc4 Nf6 4. d3 Bb4 5. Nge2 Nc6 6. a3 Be7 7. 0-0 d6 8. f4 0-0 9. f5 b5 10. Ba2 Na7 11. h3 c5 12. g4 b4 13. axb4 cxb4 14. Nd5 Nxd5 15. Bxd5 Rb8 16. Be3 Nb5 17. Qd2 a5 18. Ra2 Bb7 19. Bc4 Bc6 20. g5 d5 21. exd5 Bxd5 22. Bxd5 Qxd5 23. Rxa5 f6 24. c4 Qd8 25. Rxb5 Rxb5 26. cxb5 fxg5 27. Ng3 Qd7 28. b6 h6 29. Qc2 Rc8 30. Qb3+ Kh8 31. Rc1 Rxc1+ 32. Bxc1 Bc5+ 33. Kf1 Qd4 0-1

[Event "Colmenarejo Spring op 24th"]
[Site "Colmenarejo"]
[Date "2018.05.13"]
[Round "1"]
[White "Fernandez Martinez, Luis"]
[Black "Bahillo Vallejo, Ignacio"]
[Result "0-1"]
[WhiteElo "1597"]
[BlackElo "1311"]
[PlyCount "35"]
[EventDate "2018.05.13"]
[EventType "swiss"]
[EventRounds "7"]
[EventCountry "ESP"]
[SourceTitle "EXT 2019"]
[Source "ChessBase"]
[SourceDate "2018.10.10"]
[SourceVersion "1"]
[SourceVersionDate "2018.10.10"]
[SourceQuality "1"]

1. e4 d5 2. e5 c5 3. d4 cxd4 4. Qxd4 Nc6 5. Qf4 g6 6. Qg3 Bg7 7. Nf3 e6 8. Bd3 Qc7 9. Bf4 Nb4 10. Nc3 Ne7 11. a3 Nxd3+ 12. cxd3 Nf5 13. Qh3 d4 14. Ne2 Qc2 15. Nexd4 Nxd4 16. Nxd4 Qxb2 17. 0-0 Qxd4 18. Rfb1 0-1

[Event "Collado Villalba op-B 32nd"]
[Site "Collado Villalba"]
[Date "2015.08.22"]
[Round "1"]
[White "Fernandez Martinez, Luis"]
[Black "Suarez Prieto, Leopoldo"]
[Result "1/2-1/2"]
[WhiteElo "1944"]
[BlackElo "1646"]
[PlyCount "103"]
[EventDate "2015.08.22"]
[EventType "swiss"]
[EventRounds "9"]
[EventCountry "ESP"]
[SourceTitle "EXT 2016"]
[Source "ChessBase"]
[SourceDate "2015.10.08"]
[SourceVersion "1"]
[SourceVersionDate "2015.10.08"]
[SourceQuality "1"]

1. e4 e5 2. Nc3 a6 3. a3 Bc5 4. Bc4 b5 5. Bd5 c6 6. Ba2 d6 7. d3 Nd7 8. Qf3 Qf6 9. Bd2 Ne7 10. Nce2 Nf8 11. Ng3 Qxf3 12. Nxf3 Be6 13. Nh5 Rg8 14. Ng5 Bxa2 15. Rxa2 f6 16. Nf3 Kf7 17. Ng3 Ne6 18. b4 Bb6 19. 0-0 g6 20. Kh1 h5 21. Nh4 Rh8 22. c3 Rag8 23. a4 g5 24. Nhf5 Nxf5 25. Nxf5 Bc7 26. g3 h4 27. gxh4 Rxh4 28. Nxh4 gxh4 29. axb5 axb5 30. Ra7 h3 31. d4 Rc8 32. Rg1 exd4 33. cxd4 Nxd4 34. Rg3 Ke6 35. Rxh3 Ke5 36. f3 Ne2 37. Be3 d5 38. Rh5+ Ke6 39. exd5+ cxd5 40. Ra6+ Kf7 41. Rh7+ Kg8 42. Rh5 d4 43. Bd2 Be5 44. f4 Bxf4 45. Bxf4 Nxf4 46. Rc5 Re8 47. Ra1 d3 48. Rd1 Re2 49. Rf5 Nh3 50. Rff1 Nf2+ 51. Rxf2 Rxf2 52. Rxd3 1/2-1/2